00282nam a2200133Ia 4500003000400000005001700004008004100021020001500062040000900077100001900086245002600105260000800131260000900139OSt20231221091541.0170524s9999 xx 000 0 und d a0071263780 cIIMT aProakis/Salehi 0aDigital Communication bMGH c2008